Music Quiz

Random Music or Musical Quiz

Phantom/Love Never Dies songs Quiz Stats

 Plays Quiz not verified by Sporcle

Challenge
Share
Tweet
Embed
Score 0/14 Timer 08:00
0 Plays Today
% Correct
Bathing Beauty
95%
Devil Take The Hindmost
95%
Masquerade
93.3%
The Beauty Underneath
92.3%
Til I Hear You Sing
91.6%
Final Lair
91.2%
Wandering Child
91.2%
% Correct
Wishing You Were Somehow Here Again
90.8%
Music Of The Night
88%
Beautiful
86.1%
Think Of Me
84.3%
Angel Of Music
82.8%
Bravo Monsieur
78.1%
The Phantom Of The Opera
75.9%

You're not logged in!

Compare scores with friends on all Sporcle quizzes.
OR
Log In

You Might Also Like...

Show Comments

Extras

Created Sep 20, 2013ReportNominate
Tags:Musical Quiz

Top Quizzes Today


Score Distribution

Your Account Isn't Verified!

In order to create a playlist on Sporcle, you need to verify the email address you used during registration. Go to your Sporcle Settings to finish the process.

Report this User

Report this user for behavior that violates our Community Guidelines.

Details: